[Event "AUT9798"]
[Site "Klagenfurt"]
[Date "1997.??.??"]
[Round "?"]
[White "Hoelzl, F."]
[Black "Blatny, P."]
[Result "0-1"]
[WhiteElo "2440"]
[BlackElo "2555"]
[PlyCount "82"]
[EventDate "1997.10.12"]

1. Nf3 Nf6 2. c4 d6 3. d4 g6 4. Nc3 Bf5 5. Bg5 Ne4 6. Nxe4 Bxe4 7. Qb3 b6 8.
Qe3 Bb7 9. Bh6 Nd7 10. Bxf8 Kxf8 11. g3 Kg7 12. Bg2 e5 13. dxe5 Nxe5 14. O-O
Re8 15. Qc3 Qf6 16. Ne1 Bxg2 17. Nxg2 Nd7 18. Qc2 Qe5 19. Nf4 Nf6 20. Rfe1 h5
21. h4 Ne4 22. Rad1 c6 23. Rd3 Qc5 24. Rf3 d5 25. Rc1 dxc4 26. Re3 Nd6 27. Rxe8
Rxe8 28. b3 Ne4 29. e3 cxb3 30. Qb2+ Qe5 31. Qxb3 c5 32. Rd1 Nf6 33. Qa4 Re7
34. Rd8 Qc7 35. Rd1 Rd7 36. Rxd7 Qxd7 37. Qc4 Qd2 38. Nd3 Ng4 39. a4 Kg8 40.
Qe4 Qc3 41. Kg2 Qc2 0-1

[Event "AUT9798"]
[Site "Klagenfurt"]
[Date "1997.??.??"]
[Round "?"]
[White "Penz, H."]
[Black "Horvath, C."]
[Result "0-1"]
[WhiteElo "2390"]
[BlackElo "2530"]
[PlyCount "82"]
[EventDate "1997.10.12"]

1. e4 c5 2. Nf3 e6 3. c3 d5 4. exd5 Qxd5 5. d4 Nf6 6. Na3 Nbd7 7. Be2 a6 8. Nc2
cxd4 9. Qxd4 b6 10. O-O Bb7 11. Rd1 Bc5 12. Qxd5 Nxd5 13. c4 N5f6 14. Be3 Ke7
15. Nfd4 Rac8 16. Rac1 Bd6 17. Ne1 Rc7 18. Nef3 Rhc8 19. Nd2 Nd5 20. Bf3 Ne5
21. Be2 Nxe3 22. fxe3 b5 23. b3 Bd5 24. Kf1 bxc4 25. e4 Bb7 26. bxc4 Bb4 27.
Rb1 Bxd2 28. Rxd2 Bxe4 29. Rb6 Rd8 30. Nb3 Nxc4 31. Rxd8 Nxb6 32. Rg8 Kf6 33.
Bxa6 Rc2 34. Be2 Bxg2+ 35. Kf2 Rxa2 36. Nc1 Rc2 37. Kxg2 Rxc1 38. Rd8 Nd5 39.
Ba6 Rc2+ 40. Kg3 g5 41. Rh8 Rc3+ 0-1

[Event "AUT9798"]
[Site "Klagenfurt"]
[Date "1997.??.??"]
[Round "?"]
[White "Titz, H."]
[Black "Dueckstein, A."]
[Result "1-0"]
[WhiteElo "2285"]
[BlackElo "2330"]
[PlyCount "81"]
[EventDate "1997.10.12"]

1. c4 e5 2. Nc3 Nf6 3. Nf3 Nc6 4. e3 Be7 5. a3 d5 6. cxd5 Nxd5 7. Bb5 Nxc3 8.
bxc3 Qd6 9. d4 exd4 10. cxd4 O-O 11. O-O Bg4 12. Be2 Qd5 13. Rb1 a6 14. Rxb7
Bd6 15. h3 Bh5 16. Qb3 Qf5 17. Bd2 Ne7 18. Rc1 Qf6 19. Bb4 Bg6 20. Bxd6 cxd6
21. Rcc7 Nf5 22. Bc4 Nh6 23. Bd5 Rae8 24. a4 Nf5 25. a5 Ne7 26. Rb6 Nxd5 27.
Qxd5 Be4 28. Qg5 Qe6 29. Qf4 Qa2 30. Rxd6 Qxa5 31. Rdd7 Qa2 32. Ng5 Bg6 33. d5
Rd8 34. Qd4 Rxd7 35. Rxd7 Qb1+ 36. Kh2 Qb8+ 37. f4 Kh8 {} 38. Ne6 Rg8 39. Rd8
Qxd8 40. Nxd8 Rxd8 41. e4 1-0

[Event "AUT9798"]
[Site "Klagenfurt"]
[Date "1997.??.??"]
[Round "?"]
[White "Petschar, K."]
[Black "Ploner, F."]
[Result "1-0"]
[WhiteElo "2270"]
[BlackElo "2275"]
[PlyCount "51"]
[EventDate "1997.10.12"]

1. e4 c6 2. d4 d5 3. exd5 cxd5 4. c4 Nf6 5. Nc3 Nc6 6. Nf3 e6 7. cxd5 Nxd5 8.
Bc4 Bb4 9. Qd3 h6 10. O-O O-O 11. a3 Nxc3 12. bxc3 Bd6 13. Re1 Re8 14. Bb3 Bd7
15. Bc2 Qf6 16. Qh7+ Kf8 17. h4 Rac8 {} 18. Ng5 Bf4 19. Ne4 Bh2+ 20. Kxh2
Qxh4+ 21. Kg1 Nxd4 22. Nd6 Rxc3 23. Re4 Qf6 24. Nxe8 Kxe8 25. Rxd4 Qxd4 26. Bb2
1-0

[Event "AUT9798"]
[Site "Klagenfurt"]
[Date "1997.??.??"]
[Round "?"]
[White "Prager, M."]
[Black "Genser, H."]
[Result "1/2-1/2"]
[WhiteElo "2150"]
[BlackElo "2145"]
[PlyCount "27"]
[EventDate "1997.10.12"]

1. e4 c5 2. Nf3 d6 3. d4 cxd4 4. Nxd4 Nf6 5. Nc3 Nc6 6. Be2 g6 7. O-O Bg7 8.
Be3 O-O 9. h3 d5 10. exd5 Nxd5 11. Nxd5 Nxd4 12. Bxd4 Qxd5 13. Bxg7 Qxd1 14.
Rfxd1 1/2-1/2

[Event "AUT9798"]
[Site "Klagenfurt"]
[Date "1997.??.??"]
[Round "?"]
[White "Hickl, J."]
[Black "Chernin, A."]
[Result "1/2-1/2"]
[WhiteElo "2565"]
[BlackElo "2640"]
[PlyCount "38"]
[EventDate "1997.10.12"]

1. c4 Nf6 2. Nf3 b6 3. g3 Bb7 4. Bg2 e6 5. O-O c5 6. b3 Be7 7. Bb2 O-O 8. e3 a6
9. Nc3 Ne4 10. Nxe4 Bxe4 11. d3 Bb7 12. Qe2 b5 13. Rfd1 d6 14. d4 cxd4 15. Nxd4
Bxg2 16. Kxg2 bxc4 17. Qxc4 d5 18. Qa4 Qe8 19. Qxe8 Rxe8 1/2-1/2

[Event "AUT9798"]
[Site "Klagenfurt"]
[Date "1997.??.??"]
[Round "?"]
[White "Kindermann, S."]
[Black "Atlas, V."]
[Result "1-0"]
[WhiteElo "2570"]
[BlackElo "2455"]
[PlyCount "115"]
[EventDate "1997.10.12"]

1. e4 c5 2. Nf3 d6 3. d4 cxd4 4. Nxd4 Nf6 5. Nc3 e6 6. g4 h6 7. h4 Be7 8. Rg1
Nh7 9. Nf3 Nc6 10. Be3 a6 11. g5 hxg5 12. hxg5 Nf8 13. Qd2 b5 14. O-O-O Bb7 15.
Bd3 Qa5 16. Kb1 O-O-O 17. a3 Ng6 18. Nd4 Nge5 19. f4 Nxd4 20. Bxd4 Nf3 21. Qe3
Nxd4 22. Qxd4 g6 23. f5 d5 24. Qg7 {} 24... dxe4 25. Bxe4 Bxe4 26. Nxe4 exf5
27. Qxf7 fxe4 28. Qxe7 Rhe8 29. Qf6 Kb7 30. Qxg6 Qb6 31. Qxb6+ Kxb6 32. Kc1 e3
33. Rd3 Rc8 34. Kd1 Re6 35. c3 Rg8 36. Rd5 e2+ 37. Ke1 Kc6 38. Rf5 Kd7 39. Rg2
Kd6 40. Rff2 Reg6 41. Rxe2 Rf8 42. Ref2 Re8+ 43. Kd2 Re5 44. Rf6+ Rxf6 45. gxf6
Ke6 46. Re2 Kxf6 47. Rxe5 Kxe5 48. Kd3 Kd5 49. b3 Kc6 50. Kd4 a5 51. a4 bxa4
52. bxa4 Kd6 53. c4 Kc6 54. c5 Kc7 55. Kd5 Kd7 56. c6+ Kc8 57. Kc5 Kc7 58. Kb5
1-0

[Event "AUT9798"]
[Site "Klagenfurt"]
[Date "1997.??.??"]
[Round "?"]
[White "Felsberger, A."]
[Black "Topakian, R."]
[Result "1-0"]
[WhiteElo "2375"]
[BlackElo "2340"]
[PlyCount "80"]
[EventDate "1997.10.12"]

1. e4 c6 2. c4 d5 3. exd5 cxd5 4. cxd5 Nf6 5. Nc3 Nxd5 6. Nf3 Nc6 7. d4 Bg4 8.
Qb3 Bxf3 9. gxf3 Nb6 10. Be3 e6 11. O-O-O Be7 12. Rg1 O-O 13. Kb1 Nd5 14. Nxd5
exd5 15. Qxb7 Qd6 16. Rc1 Na5 17. Qa6 Qxa6 18. Bxa6 Rfb8 19. Rc2 Rb6 20. Bd3 g6
21. Rgc1 Kg7 22. Rc7 Ba3 23. R1c2 Kf6 24. Bd2 Bb4 {} 25. R7c5 Bxd2 26. Rxd2
Nc6 27. Rxd5 Ne7 28. Ra5 Nc6 29. Ra4 Rd8 30. Be4 a6 31. Rc4 Ne7 32. Kc2 Rdd6
33. Rc5 Ke6 34. f4 Kf6 35. Kc3 h6 36. b4 g5 37. fxg5+ hxg5 38. a4 Rb8 39. Rd3
Rh8 40. Rf3+ Ke6 1-0

[Event "AUT9798"]
[Site "Klagenfurt"]
[Date "1997.??.??"]
[Round "?"]
[White "Feistenauer, F."]
[Black "Watzka, H."]
[Result "1/2-1/2"]
[WhiteElo "2315"]
[BlackElo "2370"]
[PlyCount "29"]
[EventDate "1997.10.12"]

1. Nc3 Nf6 2. Nf3 d6 3. g3 c5 4. d4 cxd4 5. Nxd4 g6 6. Bg2 Bg7 7. O-O O-O 8. e4
Bg4 9. Nde2 Qc8 10. f3 Bd7 11. Nf4 Nc6 12. Nd3 Rb8 13. a4 b6 14. Nd5 Re8 15. c3
1/2-1/2

[Event "AUT9798"]
[Site "Klagenfurt"]
[Date "1997.??.??"]
[Round "?"]
[White "Weinzettl, E."]
[Black "Casagrande, H."]
[Result "1-0"]
[WhiteElo "2410"]
[BlackElo "2345"]
[PlyCount "61"]
[EventDate "1997.10.12"]

1. e4 d5 2. exd5 Qxd5 3. Nc3 Qa5 4. d4 Nf6 5. Nf3 Bg4 6. h3 Bxf3 7. Qxf3 c6 8.
Bd2 Nbd7 9. O-O-O e6 10. Kb1 Qc7 11. g4 Bd6 12. g5 Nd5 13. Ne4 b5 14. h4 Rb8
15. h5 Bf4 16. g6 f5 17. Nc5 Nxc5 18. dxc5 Bxd2 19. Rxd2 h6 20. Qe2 e5 21. Bg2
e4 22. f3 Nf4 {} 23. Qe3 Nxg2 24. Rxg2 O-O 25. Rd2 Rbe8 26. f4 Rd8 27. Rhd1
Qe7 28. Rd6 Rxd6 29. Rxd6 Rd8 30. Qb3+ Kf8 31. Rxd8+ 1-0

[Event "AUT9798"]
[Site "Klagenfurt"]
[Date "1997.??.??"]
[Round "?"]
[White "Roth, P."]
[Black "Sader, M."]
[Result "1-0"]
[WhiteElo "2285"]
[BlackElo "2280"]
[PlyCount "70"]
[EventDate "1997.10.12"]

1. e4 c5 2. Nf3 e6 3. d4 cxd4 4. Nxd4 a6 5. Bd3 g6 6. Nc3 Bg7 7. Nde2 Nf6 8.
Ng3 d6 9. O-O Nbd7 10. f4 b5 11. a3 Bb7 12. Qe2 Qc7 13. Be3 O-O 14. Rad1 Rfe8
15. Rd2 Bc6 16. h3 Rab8 17. Nd1 e5 18. f5 d5 19. fxg6 hxg6 20. Qf2 Nf8 21. exd5
Nxd5 22. Bc5 Nf6 23. c3 Ne6 24. Be3 Nd5 25. Bb1 Rbd8 26. Ba2 Nef4 27. Bxd5 Rxd5
28. Rxd5 Bxd5 29. Bxf4 exf4 30. Ne2 Bc4 31. Re1 Qe5 32. Kf1 Bf8 33. Qf3 Bc5 34.
Nf2 Kg7 35. Nd3 Bxd3 {Die restlichen Zuege fehlen auf den Partieformularen.}
1-0

[Event "AUT9798"]
[Site "Klagenfurt"]
[Date "1997.??.??"]
[Round "?"]
[White "Schneider"]
[Black "Zinner, H-SteinerG"]
[Result "0-1"]
[WhiteElo "2265"]
[BlackElo "2205"]
[PlyCount "78"]
[EventDate "1997.10.12"]

1. d4 d5 2. Nf3 Nf6 3. Bf4 e6 4. e3 Be7 5. Nbd2 Nbd7 6. c3 b6 7. Ne5 Nxe5 8.
dxe5 Nd7 9. Qg4 g5 10. Bd3 Nc5 11. Bc2 h5 12. Qg3 Ba6 13. O-O-O Be2 14. Bxg5
Bxg5 15. Rde1 h4 16. Qh3 Nd3+ 17. Bxd3 Bxd3 18. f4 Bh6 19. Nf3 Qd7 20. b3 Qe7
21. Kd2 Be4 22. Ke2 O-O-O 23. Rhg1 Rdg8 24. b4 Rh7 25. a4 Bxf3+ 26. Qxf3 Qd7
27. Rc1 Qxa4 28. Rgd1 Rhg7 29. Rg1 Qa2+ 30. Kf1 Qd2 31. Ra1 Kb8 32. b5 Qxc3 33.
Ra2 Qc4+ 34. Re2 Qxb5 35. Qh5 Rg6 36. Qxh4 Rxg2 37. Rgxg2 Rxg2 38. Kxg2 Qxe2+
39. Kg3 Qxe3+ 0-1

[Event "AUT9798"]
[Site "Klagenfurt"]
[Date "1997.??.??"]
[Round "?"]
[White "Tscholowitsch, C."]
[Black "Stuhlik, M."]
[Result "1/2-1/2"]
[WhiteElo "2215"]
[BlackElo "2225"]
[PlyCount "108"]
[EventDate "1997.10.12"]

1. d4 g6 2. g3 Bg7 3. Bg2 Nf6 4. e4 d6 5. Ne2 O-O 6. O-O Nbd7 7. f4 e5 8. c3 c6
9. h3 Qe7 10. dxe5 dxe5 11. f5 b6 12. g4 h6 13. Be3 Ba6 14. Qc2 Nc5 15. c4 Rad8
16. Na3 Rd3 17. Bf2 Rfd8 18. Nc3 Rd2 19. Qc1 {} 19... Rxf2 20. Rxf2 Nd3 21.
Qe3 Nxf2 22. Qxf2 Qb4 23. fxg6 fxg6 24. Bf1 Rf8 25. Nc2 Qe7 26. Qe3 Nh7 27. Be2
Ng5 28. Rf1 Ne6 29. Rxf8+ Bxf8 30. Kh2 Nf4 31. Bf1 Bc8 32. Ne2 Qf6 33. Nxf4
exf4 34. Qd4 Qxd4 35. Nxd4 Bd7 36. b3 Bg7 37. Ne2 Kf7 38. Kg2 g5 39. Kf3 Ke6
40. Nc1 Be8 41. Nd3 Bc3 42. Ke2 h5 43. Bg2 h4 44. Kd1 c5 45. Kc2 Bf6 46. Bf3
Bc6 47. a4 Bd4 48. Kd2 Be5 49. Nc1 a6 50. Nd3 Kd6 51. Ne1 b5 52. axb5 axb5 53.
Kd3 Bd7 54. Be2 Bf6 1/2-1/2

[Event "AUT9798"]
[Site "Klagenfurt"]
[Date "1997.??.??"]
[Round "?"]
[White "Hadjieff, D."]
[Black "Klug, R."]
[Result "1-0"]
[WhiteElo "2215"]
[BlackElo "2165"]
[PlyCount "176"]
[EventDate "1997.10.12"]

1. Nf3 Nf6 2. c3 d6 3. e4 Nbd7 4. Bd3 e5 5. Bc2 Be7 6. d4 O-O 7. O-O c6 8. Nbd2
Qc7 9. Re1 Re8 10. Nc4 Bf8 11. a4 a5 12. h3 h6 13. b3 g6 14. Be3 b5 15. Nb2 Bb7
16. Nh2 Bg7 17. dxe5 dxe5 18. Qd2 Kh7 19. Rad1 Bf8 20. Ng4 h5 21. Nxf6+ Nxf6
22. Qe2 Ba6 23. Qf3 Kg7 24. Bd3 Rad8 25. Qe2 Qb7 26. f3 Ba3 27. Rd2 Rd7 28.
axb5 cxb5 29. Ra1 Bxb2 30. Rxb2 Red8 31. Bc2 Qc7 32. Qe1 Bb7 33. Rba2 Ra8 34.
Rd1 Bc6 35. Rxd7 Qxd7 36. Ra1 a4 37. bxa4 bxa4 38. Qg3 Qe7 39. Qf2 Nd7 40. Bc1
a3 41. Bb3 Qd6 42. Qd2 Qxd2 43. Bxd2 Nc5 44. Bc2 Bb5 45. Bc1 a2 46. Be3 Nd3 47.
Bb3 Ra3 48. Bd5 Rxc3 49. Bd2 Ra3 50. Rxa2 Rxa2 51. Bxa2 Nf4 52. g3 Ne6 53. Bc3
Nd4 54. Kf2 Nc6 55. Ke3 f6 56. Bd5 Ne7 57. Bb7 Kf7 58. h4 Ke6 59. Bb4 Nc6 60.
Bc8+ Kf7 61. Bc5 Ne7 62. Bh3 g5 63. hxg5 fxg5 64. Bd6 Kf6 65. Bb4 Ng6 66. Ba5
Ne7 67. Bc7 Be8 68. Bd8 Bf7 69. f4 gxf4+ 70. gxf4 exf4+ 71. Kxf4 Be6 72. Bf1
Kf7 73. Kg5 Bg4 74. Bb5 Nc8 75. Bc4+ Be6 76. Be2 Bg4 77. Bc4+ Be6 78. Bd3 Bg4
79. e5 Ne7 80. Bc7 Nd5 81. Bd6 Ke6 82. Bc4 Bf3 83. Ba6 Nb6 84. Bd3 Bg4 85. Bh7
Kf7 86. Bc5 Nd7 87. Bd6 Nf8 88. Bd3 Ne6+ {Restliche Zuege fehlen.} 1-0

[Event "AUT9798"]
[Site "Klagenfurt"]
[Date "1997.??.??"]
[Round "?"]
[White "Muse, M."]
[Black "Schlosser, M."]
[Result "1-0"]
[WhiteElo "2460"]
[BlackElo "2355"]
[PlyCount "87"]
[EventDate "1997.10.12"]

1. d4 Nf6 2. c4 g6 3. Nc3 Bg7 4. e4 d6 5. h3 O-O 6. Nf3 Na6 7. Be3 e5 8. d5 Nc5
9. Nd2 a5 10. a3 Ne8 11. b4 axb4 12. axb4 Rxa1 13. Qxa1 Nd7 14. c5 f5 15. c6
Ndf6 16. Qa8 bxc6 17. Ba6 cxd5 18. exd5 f4 19. Ba7 Kh8 20. Qxc8 Qe7 21. O-O c5
22. dxc6 Qxa7 23. Nb5 Qf7 24. Nf3 h6 25. Qb7 Qd5 26. Nc3 Qb3 27. c7 Nxc7 28.
Qxc7 e4 29. Nh4 Kh7 30. Ne2 Ne8 31. Qd7 Qxb4 32. Bb7 f3 33. Nxg6 {} 33... fxe2
34. Nxf8+ Kh8 35. Ng6+ Kh7 36. Bxe4 exf1=Q+ 37. Kxf1 Nf6 38. Bd3 Qd2 39. Ne5+
Kg8 40. Qe6+ Kh8 41. Nf7+ Kg8 42. Nxh6+ Kh8 43. Qg8+ Nxg8 44. Nf7# 1-0

[Event "AUT9798"]
[Site "Klagenfurt"]
[Date "1997.??.??"]
[Round "?"]
[White "Danner, G."]
[Black "Baumegger, S."]
[Result "0-1"]
[WhiteElo "2415"]
[BlackElo "2465"]
[PlyCount "80"]
[EventDate "1997.10.12"]

1. d4 Nf6 2. Nf3 d5 3. Bg5 Ne4 4. Bf4 c5 5. c3 Qb6 6. Qb3 Nc6 7. e3 c4 8. Qc2
h6 9. Nbd2 Bf5 10. Qc1 e6 11. Nxe4 Bxe4 12. Nd2 Bg6 13. Be2 Be7 14. O-O O-O 15.
b3 cxb3 16. axb3 Rfc8 17. c4 Nb4 18. Qa3 Qd8 19. Qa4 b6 20. Rfc1 Nd3 21. Bxd3
Bxd3 22. Rc3 Bg6 23. Nf3 f6 24. Rac1 a5 25. cxd5 Rxc3 26. Rxc3 Qxd5 27. Qc6 Bb4
28. Qxd5 exd5 29. Rc1 b5 30. e4 Bxe4 31. Bd2 Bd6 32. Rc6 Bf8 33. Bc3 b4 34. Be1
a4 35. bxa4 Rxa4 36. Rb6 Ra1 37. Kf1 Bd3+ 38. Kg1 Be2 39. Re6 Bxf3 40. gxf3 b3
0-1

[Event "AUT9798"]
[Site "Klagenfurt"]
[Date "1997.??.??"]
[Round "?"]
[White "Frosch, E."]
[Black "Postl, A."]
[Result "1-0"]
[WhiteElo "2310"]
[BlackElo "2275"]
[PlyCount "91"]
[EventDate "1997.10.12"]

1. Nf3 Nf6 2. b3 g6 3. Bb2 Bg7 4. c4 O-O 5. d3 d6 6. g3 c6 7. Bg2 a5 8. O-O a4
9. Nbd2 Na6 10. Bc3 Nh5 11. Qc2 Qb6 12. Rfb1 Nb4 13. Qc1 a3 14. Nf1 Re8 15. Ne3
Bd7 16. Qd2 Bxc3 17. Qxc3 e5 18. Ne1 Ng7 19. N1c2 Nxc2 20. Nxc2 Ne6 21. e3 f5
22. Re1 f4 23. exf4 exf4 24. d4 Rf8 25. b4 Rf7 26. c5 Qc7 27. d5 Ng5 28. gxf4
Rxf4 29. Re7 Rf7 30. Rae1 dxc5 31. Rxf7 Nxf7 32. bxc5 cxd5 33. Re7 Re8 34.
Rxe8+ Bxe8 35. Bxd5 Bc6 36. Ne3 Qf4 37. Bxc6 bxc6 38. Qxa3 Ng5 39. Qa8+ Kg7 40.
Qb7+ Kh6 41. Kf1 Ne4 42. Qb2 Nxc5 43. Qe5 {} 43... Qxf2+ 44. Kxf2 Nd3+ 45. Kg3
Nxe5 46. Ng4+ 1-0

[Event "AUT9798"]
[Site "Klagenfurt"]
[Date "1997.??.??"]
[Round "?"]
[White "Ivancsics, M."]
[Black "Kotz, H."]
[Result "1-0"]
[WhiteElo "2235"]
[BlackElo "2275"]
[PlyCount "67"]
[EventDate "1997.10.12"]

1. d4 Nf6 2. c4 g6 3. g3 Bg7 4. Bg2 O-O 5. Nf3 d6 6. O-O Nbd7 7. Nc3 e5 8. e4
c6 9. h3 Re8 10. Re1 exd4 11. Nxd4 a5 12. Bf4 Ne5 13. b3 Nfd7 14. Be3 Nc5 15.
Qc2 a4 16. Rad1 axb3 17. axb3 Qa5 18. f4 Ned7 19. Rb1 Qb4 20. Kh2 h5 21. Nce2
Nf6 22. Nc3 h4 23. gxh4 Nh5 24. Nce2 Ne6 25. Nxe6 Bxe6 26. Bf3 Qa5 27. Rg1 Nf6
28. Bd4 Nh5 {} 29. Rg5 Qa2 30. Rb2 Qa1 31. Bxh5 Qf1 32. f5 Bxf5 33. Rxf5 gxf5
34. Rb1 1-0

[Event "AUT9798"]
[Site "Klagenfurt"]
[Date "1997.??.??"]
[Round "?"]
[White "Lukacs, P."]
[Black "Dizdar, G."]
[Result "1/2-1/2"]
[WhiteElo "2520"]
[BlackElo "2545"]
[PlyCount "31"]
[EventDate "1997.10.12"]

1. d4 Nf6 2. c4 e6 3. Nc3 Bb4 4. e3 O-O 5. Bd3 d5 6. Nf3 c5 7. O-O Nc6 8. a3
Bxc3 9. bxc3 Qc7 10. cxd5 exd5 11. a4 Re8 12. Ba3 c4 13. Bc2 Ne4 14. Bxe4 Rxe4
15. Nd2 Re8 16. Re1 1/2-1/2

[Event "AUT9798"]
[Site "Klagenfurt"]
[Date "1997.??.??"]
[Round "?"]
[White "Laube, B."]
[Black "Neulinger, M."]
[Result "0-1"]
[WhiteElo "2280"]
[BlackElo "2310"]
[PlyCount "122"]
[EventDate "1997.10.12"]

1. e4 c6 2. d3 d5 3. Nd2 e5 4. Ngf3 Bd6 5. g3 Nf6 6. Bg2 O-O 7. O-O Re8 8. a3
a5 9. c4 d4 10. Nh4 Na6 11. h3 h6 12. f4 exf4 13. gxf4 Ng4 14. Nf5 Ne3 15. Nxe3
dxe3 16. Nb1 Bc5 17. Qe2 Qd4 18. Re1 Rd8 19. Bxe3 Qxd3 20. Qxd3 Rxd3 21. Kf2
Be6 22. Bf1 Rb3 23. Ra2 Rd8 24. f5 {} 24... Rxe3 25. Rxe3 Bxf5 26. b4 Bxe3+
27. Kxe3 Be6 28. bxa5 Nc5 29. Rb2 Ra8 30. Kd4 Rxa5 31. Rb4 Bc8 32. Ke3 g5 33.
Rb2 Kf8 34. Rd2 Ke7 35. Rf2 Be6 36. Rb2 Kd6 37. Kd4 f6 38. Rf2 Nd7 39. Rb2 b6
40. Rf2 h5 41. Rb2 h4 42. Rf2 Ra4 43. Rb2 c5+ 44. Kc3 Ke5 45. Rd2 Ra8 46. Rf2
Nb8 47. Rb2 Ra6 48. Kd3 Nc6 49. Rb3 Nd4 50. Rc3 f5 51. Nd2 g4 52. exf5 Bxf5+
53. Ke3 Rxa3 54. Rxa3 Nc2+ 55. Kf2 Nxa3 56. hxg4 Bxg4 57. Ke3 Nc2+ 58. Kd3 Bf5+
59. Ke2 Kf4 60. Kf2 Ne3 61. Be2 Ng4+ 0-1

[Event "AUT9798"]
[Site "Klagenfurt"]
[Date "1997.??.??"]
[Round "?"]
[White "Posch, W."]
[Black "Gerhold, M."]
[Result "1-0"]
[WhiteElo "2275"]
[BlackElo "2270"]
[PlyCount "83"]
[EventDate "1997.10.12"]

1. e4 c5 2. Nc3 Nc6 3. g3 g6 4. Bg2 Bg7 5. d3 d6 6. f4 e6 7. Nf3 Nge7 8. O-O
O-O 9. Be3 b6 10. d4 cxd4 11. Nxd4 Bb7 12. Nce2 a6 13. f5 Nxd4 14. Nxd4 exf5
15. exf5 Bxg2 16. Kxg2 Bxd4 17. Qxd4 Nxf5 {} 18. Rxf5 gxf5 19. Bh6 f6 20. Bxf8
Kxf8 21. Re1 Rc8 22. c3 Kf7 23. Qd5+ Kg6 24. Re6 Rc5 25. Qxd6 Qxd6 26. Rxd6 Rb5
27. b4 Re5 28. Kf2 Re4 29. Rxb6 Rc4 30. Rxa6 Rxc3 31. Re6 Rc4 32. a3 Kg5 33.
Re3 f4 34. Rb3 Kg4 35. gxf4 Kxf4 36. b5 Rc2+ 37. Ke1 Rc7 38. b6 Rb7 39. a4 Ke4
40. a5 Kd5 41. a6 Re7+ 42. Kf2 1-0